| 000 | 00896nam a22002777a 4500 | ||
|---|---|---|---|
| 003 | 0 | ||
| 005 | 20160609170401.0 | ||
| 008 | 110107t xxu||||| |||| 00| 0 eng d | ||
| 037 |
_aR16556 _bBIBLIO |
||
| 040 |
_aEPAC _bF _cBIBLIO |
||
| 082 | _a26.APE/IDR | ||
| 100 |
_aSoulé IDRISSOU _913704 |
||
| 245 | _aImpact du développement de la culture du manioc dans la gestion des terres cultivables : cas du village de Siradou (commune de N'Dali) | ||
| 250 | _aCAP | ||
| 260 |
_aEPAC _bBIBLIO _c2005-2006 |
||
| 300 |
_a39p _bill. en coul _c30cm |
||
| 440 |
_n5parties _913705 |
||
| 500 | _aListe des acronymes et abréviations; bibliographie ; annexes | ||
| 650 |
_aMANIOC _913706 |
||
| 650 |
_aGESTION DES TERRES _913707 |
||
| 650 |
_aIMPACT _913708 |
||
| 650 |
_aDEVELOPPEMENT _913709 |
||
| 700 |
_aLOKOSSOU AMOUSSOU François _913710 |
||
| 700 |
_aCHABI GANI Sarrè _913711 |
||
| 942 | _cTHE | ||
| 999 |
_c48856 _d48856 |
||